[Event "9. LGA Premium Cup 2012"]
[Site "Nürnberg"]
[Date "2012.09.07"]
[Round "2.40"]
[White "Klundt, Klaus"]
[Black "Mann, Johannes"]
[Result "1-0"]
[WhiteElo "2347"]
[BlackElo "1869"]
[PlyCount "93"]
[EventDate "2012.??.??"]
[WhiteTeam "SC Heusenstamm"]
[BlackTeam "SC Forchheim e.V."]

1. e4 c6 2. d4 d5 3. exd5 cxd5 4. c4 Nc6 5. Nc3 Nf6 6. Bg5 e6 7. Nf3 Be7 8. c5
O-O 9. Bb5 Ne4 10. Bxe7 Qxe7 11. Qc2 Nxc3 12. Qxc3 Bd7 13. O-O Rac8 14. Rfe1 a6
15. Bd3 Rfe8 16. b4 Qd8 17. a4 a5 18. b5 Nb4 19. Bb1 Qc7 20. Ne5 f6 21. Nd3 e5
22. dxe5 fxe5 23. Nxb4 axb4 24. Qd3 g6 25. Qxd5+ Kh8 26. Be4 Bf5 27. Qxb7 Qxc5
28. Rad1 Rf8 29. Qd5 Qxf2+ 30. Kxf2 Bxe4+ 31. Ke3 Bxd5 32. Rxd5 b3 33. Rb1 Rc3+
34. Rd3 Rc4 35. Rbxb3 Rxa4 36. b6 Raa8 37. b7 Rab8 38. Rd7 Kg8 39. Rc3 Rf7 40.
Rc8+ Rf8 41. Rcc7 Rf6 42. Rg7+ Kh8 43. Rxh7+ Kg8 44. Rhd7 Kh8 45. Rc8+ Rf8 46.
Rxf8+ Rxf8 47. Rc7 1-0

[Event "9. LGA Premium Cup 2012"]
[Site "Nürnberg"]
[Date "2012.09.07"]
[Round "2.41"]
[White "Nieke, Karl-Friedrich"]
[Black "Hilverda, Alexander"]
[Result "0-1"]
[WhiteElo "1528"]
[BlackElo "2333"]
[PlyCount "60"]
[EventDate "2012.??.??"]
[WhiteTeam "SK Lauffen"]
[BlackTeam "SC Erlangen 48/88 e.V."]

1. d4 Nf6 2. Nf3 g6 3. e3 Bg7 4. Be2 O-O 5. c4 c5 6. Nc3 cxd4 7. exd4 d5 8. c5
b6 9. b4 a5 10. b5 Ne4 11. Bb2 bxc5 12. a4 Bg4 13. Ne5 Bxe2 14. Nxe2 cxd4 15.
Bxd4 Qd6 16. Nf3 e5 17. Be3 d4 18. Bd2 d3 19. Ng3 Nxg3 20. hxg3 e4 21. Ng5 h6
22. Nh3 Nd7 23. O-O Rfc8 24. Rc1 Rxc1 25. Qxc1 Qc5 26. Bxh6 Qxc1 27. Bxc1 Nb6
28. Be3 Nxa4 29. Rc1 Nc3 30. b6 Ne2+ 0-1

[Event "9. LGA Premium Cup 2012"]
[Site "Nürnberg"]
[Date "2012.09.07"]
[Round "2.42"]
[White "Gutman, Lev"]
[Black "Eber, Fabian"]
[Result "1-0"]
[WhiteElo "2477"]
[BlackElo "1986"]
[PlyCount "65"]
[EventDate "2012.??.??"]
[WhiteTeam "SV Lingen"]
[BlackTeam "SF Wilhermsdorf e.V."]

1. Nf3 Nf6 2. g3 g6 3. Bg2 Bg7 4. O-O O-O 5. d4 d5 6. a4 c6 7. a5 Re8 8. c4 Bf5
9. Nc3 Qc8 10. cxd5 cxd5 11. Bg5 e6 12. Rc1 Qd8 13. Qa4 h6 14. Bxf6 Bxf6 15.
Ne5 g5 16. e4 dxe4 17. Nxe4 Bxe4 18. Bxe4 Re7 19. Rfd1 Na6 20. Qb5 Qe8 21. Bc6
bxc6 22. Qxa6 Bxe5 23. dxe5 Rc7 24. Rd6 Rac8 25. Rc4 Kg7 26. h4 Rb8 27. hxg5
hxg5 28. Rg4 Rxb2 29. Qd3 Qb8 30. Qe3 Rb1+ 31. Kg2 Rc8 32. Qxg5+ Kf8 33. Rd7
1-0

[Event "9. LGA Premium Cup 2012"]
[Site "Nürnberg"]
[Date "2012.09.07"]
[Round "2.43"]
[White "Meinhardt, Maximilian"]
[Black "Klyszcz, Michael"]
[Result "1/2-1/2"]
[WhiteElo "2397"]
[BlackElo "2023"]
[PlyCount "73"]
[EventDate "2012.??.??"]
[WhiteTeam "SC 1934 Viernheim"]
[BlackTeam "SG 1871 Löberitz"]

1. e4 e6 2. d4 d5 3. e5 c5 4. c3 Nc6 5. Nf3 Qb6 6. a3 a5 7. Bd3 Bd7 8. O-O Nh6
9. Bc2 a4 10. Bxa4 Nxe5 11. dxc5 Bxc5 12. Bxd7+ Nxd7 13. b4 Be7 14. Bxh6 gxh6
15. Qd2 Bf6 16. Qxh6 Ke7 17. Ra2 Rag8 18. Re2 Rg4 19. g3 Rhg8 20. Kg2 Qc6 21.
Rd1 d4 22. cxd4 Bxd4 23. h3 Bg7 24. Qc1 Rc4 25. Qg5+ Nf6 26. b5 Qc5 27. Re5 Qb6
28. Qe3 Qxe3 29. Rxe3 Bh6 30. Re2 Ra8 31. Nd4 Ke8 32. Nf5 Bf8 33. Rd3 Rc5 34.
Nd4 Rd8 35. Red2 Rcd5 36. Nc3 R5d7 37. f4 1/2-1/2

[Event "9. LGA Premium Cup 2012"]
[Site "Nürnberg"]
[Date "2012.09.07"]
[Round "2.44"]
[White "Zelbel, Patrick"]
[Black "Braun, Michael"]
[Result "1-0"]
[WhiteElo "2368"]
[BlackElo "1855"]
[PlyCount "69"]
[EventDate "2012.??.??"]
[WhiteTeam "Schachclub Hansa Dortmund e.V."]
[BlackTeam "SG Büchenbach/Roth e.V."]

1. e4 e5 2. f4 exf4 3. Nf3 g5 4. Nc3 Bg7 5. d4 d6 6. g3 Nc6 7. d5 Ne5 8. Bb5+
Kf8 9. gxf4 Nxf3+ 10. Qxf3 g4 11. Qg3 Bf6 12. Kd1 h5 13. Bd2 Ne7 14. Bd3 Ng6
15. Rf1 c6 16. e5 Bh4 17. Qe3 Ne7 18. dxc6 bxc6 19. f5 dxe5 20. Qxe5 f6 21. Qc5
Qb6 22. Qd6 Bb7 23. Na4 Qd8 24. Qb4 Bc8 25. Nc5 Kf7 26. Qb3+ Nd5 27. c4 Nc7 28.
Kc2 Re8 29. Ne4 Ba6 30. h3 Rb8 31. Qc3 g3 32. Bf4 Rg8 33. Be2 g2 34. Rg1 Qe7
35. Bxh5+ 1-0

[Event "9. LGA Premium Cup 2012"]
[Site "Nürnberg"]
[Date "2012.09.07"]
[Round "2.45"]
[White "Carow, Johannes"]
[Black "Mehringer, Jörg"]
[Result "1/2-1/2"]
[WhiteElo "2245"]
[BlackElo "1851"]
[PlyCount "99"]
[EventDate "2012.??.??"]
[WhiteTeam "Sfr.Heidesheim"]
[BlackTeam "SC Weisse Dame e.V."]

1. d4 Nf6 2. c4 g6 3. Nc3 Bg7 4. e4 d6 5. f3 O-O 6. Be3 Nfd7 7. Nge2 c5 8. Qd2
Nc6 9. d5 Na5 10. Ng3 Ne5 11. b3 a6 12. Rb1 h5 13. Be2 Bd7 14. O-O Rb8 15. Bh6
f6 16. Bxg7 Kxg7 17. f4 Nf7 18. a4 Qc7 19. Rfe1 Rfc8 20. Nf1 b5 21. cxb5 axb5
22. Bxb5 c4 23. Bxd7 Nxb3 24. Rxb3 cxb3 25. Bxc8 Rxc8 26. Nb5 Qc4 27. Qd4 Qc2
28. Na3 Qa2 29. Ra1 Qe2 30. Qe3 Qb2 31. Qe1 Qd4+ 32. Kh1 Qxa4 33. Qe2 Qb4 34.
Qb2 Rb8 35. Nd2 g5 36. g3 Qc5 37. Nac4 Qf2 38. Rb1 gxf4 39. Rf1 Qe2 40. gxf4
Nh6 41. h3 Ng4 42. hxg4 hxg4 43. Kg1 Rh8 44. Nxb3 Qxc4 45. Nd4 Kf7 46. Qd2 g3
47. Rf3 Rh2 48. Qe3 Qa2 49. Rxg3 Rd2 50. Rf3 1/2-1/2

[Event "9. LGA Premium Cup 2012"]
[Site "Nürnberg"]
[Date "2012.09.07"]
[Round "2.46"]
[White "Schatz, Christian"]
[Black "Kvetny, Mark"]
[Result "1/2-1/2"]
[WhiteElo "2222"]
[BlackElo "2245"]
[PlyCount "120"]
[EventDate "2012.??.??"]
[WhiteTeam "Schachzentrum Fürth 2002"]
[BlackTeam "Stuttgarter SF 1879"]

1. Nf3 c5 2. c4 Nc6 3. Nc3 Nf6 4. d4 cxd4 5. Nxd4 e6 6. g3 Qb6 7. Nc2 Ne5 8. e4
Bc5 9. Ne3 Bxe3 10. Bxe3 Qxb2 11. Rc1 b6 12. Be2 Bb7 13. f3 O-O 14. Qd6 Ng6 15.
O-O Rfd8 16. Rf2 Ne8 17. Qd4 Qb4 18. Rb1 Qe7 19. c5 bxc5 20. Qxc5 Qxc5 21. Bxc5
Bc6 22. Ba6 d6 23. Bd4 Ne7 24. Rfb2 f6 25. Bf2 Kf7 26. Bb7 Bxb7 27. Rxb7 Rdc8
28. Nb5 a6 29. Na7 Rc2 30. R1b6 Rc7 31. Rxc7 Nxc7 32. Rxd6 Nb5 33. Nxb5 axb5
34. Rd7 Ke8 35. Rb7 g5 36. Rxb5 Rxa2 37. Rb8+ Kf7 38. Rb7 Rc2 39. Be1 Rc8 40.
Bb4 Re8 41. g4 h6 42. Bd6 e5 43. Kf2 Ke6 44. Bxe7 Rxe7 45. Rb8 Kf7 46. Kg3 Rd7
47. h4 Kg7 48. h5 Kf7 49. Kf2 Kg7 50. Ke3 Kf7 51. Rb5 Ke6 52. Ra5 Rb7 53. Ra8
Rb3+ 54. Ke2 Rb2+ 55. Kd3 Rb3+ 56. Ke2 Rb2+ 57. Ke1 Rb1+ 58. Kf2 Rb2+ 59. Kg3
Kf7 60. Ra7+ Kg8 1/2-1/2

[Event "9. LGA Premium Cup 2012"]
[Site "Nürnberg"]
[Date "2012.09.07"]
[Round "2.47"]
[White "Porth, Hartmut"]
[Black "Beesk, Kevin"]
[Result "1-0"]
[WhiteElo "2229"]
[BlackElo "1822"]
[PlyCount "99"]
[EventDate "2012.??.??"]
[WhiteTeam "SV Bargteheide"]
[BlackTeam "SK Neumarkt e.V."]

1. e4 d6 2. d4 Nf6 3. Nc3 g6 4. h3 Bg7 5. Nf3 c6 6. a4 a5 7. Be3 Na6 8. Bc4 Nc7
9. Qd2 Bd7 10. e5 Nfd5 11. Bh6 Bxh6 12. Qxh6 Nxc3 13. Qg7 Rf8 14. bxc3 d5 15.
Bd3 Ne6 16. Qxh7 Nf4 17. Kd2 Nxd3 18. cxd3 b5 19. h4 Qb6 20. Qg7 bxa4 21. Rhb1
Qa6 22. e6 Bxe6 23. Qe5 Kd7 24. Qg3 Bf5 25. Ne5+ Kd8 26. Rxa4 Rc8 27. Rb2 Ra8
28. c4 f6 29. Nxg6 Bxg6 30. Qxg6 Kd7 31. Qf5+ Kd6 32. c5+ Kc7 33. Qf4+ Kd7 34.
Rb6 Qa7 35. Qf5+ Kd8 36. Rxc6 Qd7 37. Qxd7+ Kxd7 38. Rb6 Kc7 39. Rb5 Rfb8 40.
Raxa5 Rxa5 41. Rxa5 Rb2+ 42. Ke3 e5 43. Ra7+ Kb8 44. Rg7 Rb4 45. dxe5 fxe5 46.
g4 e4 47. dxe4 Rxe4+ 48. Kd3 Rc4 49. h5 Rxc5 50. h6 1-0

[Event "9. LGA Premium Cup 2012"]
[Site "Nürnberg"]
[Date "2012.09.07"]
[Round "2.48"]
[White "Neumann, Robert"]
[Black "Liepold, Stefan"]
[Result "1-0"]
[WhiteElo "1875"]
[BlackElo "2161"]
[PlyCount "91"]
[EventDate "2012.??.??"]
[WhiteTeam "SC Noris-Tarrasch Nürnberg 1873"]
[BlackTeam "SC Erlangen 48/88 e.V."]

1. c4 e5 2. Nc3 Nc6 3. g3 g6 4. Bg2 d6 5. Rb1 Bf5 6. d3 Bg7 7. b4 Qd7 8. Nd5
Nd8 9. Ne3 Be6 10. Bb2 Nf6 11. h3 O-O 12. Nf3 Qe7 13. O-O c6 14. Qc2 Bh6 15. a4
a5 16. b5 cxb5 17. cxb5 Rc8 18. Qd1 b6 19. Ba3 Nd5 20. Nxd5 Bxd5 21. e4 Bb7 22.
Re1 Bg7 23. Nd2 Ne6 24. Nc4 Nc5 25. Nxb6 Rb8 26. Nc4 Qd8 27. Rc1 Bh6 28. Rc3
Re8 29. Nxd6 Qxd6 30. Bxc5 Qd7 31. Qc2 Qe6 32. Be3 Bxe3 33. Rxe3 Rbc8 34. Re1
Qd6 35. Rc4 Red8 36. Bf1 Rxc4 37. Qxc4 Rc8 38. Qa2 Qd4 39. Qa1 Rc3 40. Rc1 Rxc1
41. Qxc1 Qxa4 42. Qc5 Qd4 43. Qe7 Qb6 44. Qxe5 f6 45. Qe8+ Kg7 46. Qe7+ 1-0

[Event "9. LGA Premium Cup 2012"]
[Site "Nürnberg"]
[Date "2012.09.07"]
[Round "2.51"]
[White "Heidrich, Manfred"]
[Black "Straschewski, Jörg"]
[Result "1-0"]
[WhiteElo "2309"]
[BlackElo "2008"]
[PlyCount "71"]
[EventDate "2012.??.??"]
[WhiteTeam "SC Forchheim e.V."]
[BlackTeam "TSV Cadolzburg e.V."]

1. e4 e6 2. d4 d5 3. Nc3 Bb4 4. e5 c5 5. Bd2 Ne7 6. Nb5 Bxd2+ 7. Qxd2 O-O 8.
dxc5 Nd7 9. f4 Nxc5 10. Bd3 Bd7 11. Nd4 f6 12. exf6 Rxf6 13. g3 Nc6 14. Ngf3
Nxd4 15. Nxd4 e5 16. fxe5 Qe7 17. O-O-O Qxe5 18. Rde1 Ne4 19. Qe3 Re8 20. Rhf1
Rxf1 21. Rxf1 Nc5 22. Qxe5 Nxd3+ 23. cxd3 Rxe5 24. Kd2 h6 25. Rc1 Rh5 26. h4 g5
27. hxg5 Rh2+ 28. Ke3 Rxb2 29. Rc7 Bh3 30. gxh6 Rxa2 31. Rg7+ Kf8 32. Rxb7 Kg8
33. Nf3 Ra6 34. Rb8+ Kh7 35. Ng5+ Kxh6 36. Nxh3 1-0

[Event "9. LGA Premium Cup 2012"]
[Site "Nürnberg"]
[Date "2012.09.07"]
[Round "2.52"]
[White "Promyshlyanskyy, Vitaliy"]
[Black "Osmanovic, Faruk"]
[Result "1-0"]
[WhiteElo "2245"]
[BlackElo "2006"]
[PlyCount "67"]
[EventDate "2012.??.??"]
[WhiteTeam "SC Noris-Tarrasch Nürnberg 1873"]
[BlackTeam "SC Blauer Turm Bad Wimpfen"]

1. e4 c5 2. Nc3 Nc6 3. f4 e6 4. Nf3 a6 5. g3 g6 6. Bg2 Bg7 7. O-O Nge7 8. e5 d6
9. exd6 Qxd6 10. Ne4 Qd8 11. c3 O-O 12. Nxc5 b6 13. Ne4 a5 14. d4 a4 15. Re1
Bb7 16. Rb1 Qd5 17. Ra1 Rfd8 18. Ne5 Qa5 19. Qe2 Ba6 20. Qf2 Bb5 21. Bd2 Qa6
22. Ng5 Bxe5 23. fxe5 Rf8 24. Ne4 f5 25. exf6 Nd5 26. Bg5 Bd3 27. Nd6 Bf5 28.
Bxd5 exd5 29. g4 h6 30. gxf5 hxg5 31. f7+ Rxf7 32. Nxf7 Kxf7 33. fxg6+ Kxg6 34.
Re6+ 1-0

[Event "9. LGA Premium Cup 2012"]
[Site "Nürnberg"]
[Date "2012.09.07"]
[Round "2.54"]
[White "Hartmann, Thomas"]
[Black "Dehlinger, Alexander"]
[Result "0-1"]
[WhiteElo "2005"]
[BlackElo "2177"]
[PlyCount "130"]
[EventDate "2012.??.??"]
[WhiteTeam "SC Weisse Dame Ulm e.V."]
[BlackTeam "SC Garching 1980 e.V."]

1. d4 d5 2. c4 c6 3. Nf3 Nf6 4. Qc2 dxc4 5. e4 b5 6. b3 cxb3 7. axb3 g6 8. Bd2
Bg7 9. Ba5 Qd7 10. Bd3 O-O 11. Nbd2 e5 12. dxe5 Ng4 13. Rd1 Qe7 14. O-O Nxe5
15. Nxe5 Bxe5 16. Nf3 Bg7 17. Rfe1 Bg4 18. Be2 Rc8 19. h3 Be6 20. Nd4 Bxd4 21.
Rxd4 c5 22. Rd2 Nc6 23. Bc3 a6 24. Qb2 Qa7 25. Bf3 Rab8 26. Red1 Nd4 27. Rxd4
b4 28. Rd6 bxc3 29. Qxc3 Bxb3 30. Ra1 Rb6 31. Qf6 Rxd6 32. Qxd6 a5 33. Bg4 Re8
34. Rc1 a4 35. Rxc5 Qe7 36. Qxe7 Rxe7 37. Ra5 Rxe4 38. Bf3 Re1+ 39. Kh2 Ra1 40.
Bd5 Rd1 41. Bxb3 axb3 42. Rb5 Rd3 43. g3 h5 44. h4 Kg7 45. Rb6 Kf8 46. Rb7 Ke8
47. Kg2 Rc3 48. Kh3 Kd8 49. Rxf7 Kc8 50. Rf4 Kc7 51. Rb4 Kc6 52. Kg2 Kc5 53.
Rb8 Kc4 54. Rb6 Kd3 55. Kf3 Kc2+ 56. Kf4 b2 57. Rxb2+ Kxb2 58. Kg5 Rc6 59. f4
Kc3 60. f5 gxf5 61. Kxh5 Kd4 62. Kg5 Ke5 63. h5 Rc8 64. h6 Rg8+ 65. Kh5 Rxg3
0-1

[Event "9. LGA Premium Cup 2012"]
[Site "Nürnberg"]
[Date "2012.09.07"]
[Round "2.55"]
[White "Nuding, Matthias"]
[Black "Süß, Helmut"]
[Result "1-0"]
[WhiteElo "2182"]
[BlackElo "1995"]
[PlyCount "83"]
[EventDate "2012.??.??"]
[WhiteTeam "SC Noris-Tarrasch Nürnberg 1873"]
[BlackTeam "SC Noris-Tarrasch Nürnberg 1873"]

1. e4 c6 2. Nc3 d5 3. Nf3 Bg4 4. h3 Bxf3 5. Qxf3 e6 6. d3 Nd7 7. Bd2 Ngf6 8. g4
Be7 9. g5 Ne5 10. Qg3 Nfd7 11. f4 Ng6 12. h4 Qc7 13. h5 Ngf8 14. Bh3 O-O-O 15.
O-O-O Kb8 16. Ne2 dxe4 17. dxe4 Nc5 18. Bg2 Nfd7 19. h6 g6 20. Bc3 Rhe8 21. e5
Na4 22. Nd4 Nxc3 23. Qxc3 Nb6 24. Rd3 Nd5 25. Bxd5 Rxd5 26. Rhd1 Red8 27. Nb3
Rxd3 28. Rxd3 Rxd3 29. Qxd3 Qd8 30. Qxd8+ Bxd8 31. Kd2 Bb6 32. Kd3 Bg1 33. Nd2
Bc5 34. Ne4 Be7 35. c4 b6 36. b4 Bxb4 37. Nf6 Kc8 38. Nxh7 Kd8 39. Nf6 Bf8 40.
Ne4 b5 41. cxb5 cxb5 42. Nd6 1-0

[Event "9. LGA Premium Cup 2012"]
[Site "Nürnberg"]
[Date "2012.09.07"]
[Round "2.56"]
[White "Berger, Stefan"]
[Black "Nabavi, Parwis"]
[Result "0-1"]
[WhiteElo "1988"]
[BlackElo "2181"]
[PlyCount "84"]
[EventDate "2012.??.??"]
[WhiteTeam "SC Noris-Tarrasch Nürnberg 1873"]
[BlackTeam "SGEM Dreisamtal"]

1. d4 Nf6 2. Nf3 e6 3. Bf4 b6 4. Nbd2 Bb7 5. e3 c5 6. c3 Nc6 7. Bd3 Be7 8. h3
cxd4 9. exd4 O-O 10. O-O d6 11. Qe2 Qd7 12. Rad1 a6 13. Ne4 Nd5 14. Bc1 b5 15.
Rfe1 Rac8 16. Bb1 Nd8 17. Neg5 h6 18. Ne4 f5 19. Ng3 Rf7 20. a3 Nf6 21. Ba2 Bd5
22. Bb1 Nb7 23. Nd2 Re8 24. Nh5 Nxh5 25. Qxh5 Bf8 26. Bd3 Na5 27. g4 Rc8 28.
gxf5 exf5 29. Kh2 Rf6 30. Re3 Qf7 31. Qxf7+ Kxf7 32. Rde1 g6 33. f4 Nc4 34.
Nxc4 bxc4 35. Bf1 Be4 36. Bg2 d5 37. Bf3 Bd6 38. Kg3 Bxf4+ 39. Kxf4 g5+ 40. Kg3
f4+ 41. Kg2 fxe3 42. Rxe3 Bxf3+ 0-1

[Event "9. LGA Premium Cup 2012"]
[Site "Nürnberg"]
[Date "2012.09.07"]
[Round "2.57"]
[White "Martin, Stefan"]
[Black "Nöckler, Alexander"]
[Result "1-0"]
[WhiteElo "2166"]
[BlackElo "1975"]
[PlyCount "73"]
[EventDate "2012.??.??"]
[WhiteTeam "SC 1934 Viernheim"]
[BlackTeam "Schachklub Weiden 1907"]

1. d4 d5 2. c4 e6 3. Nc3 Nf6 4. Bg5 c6 5. e3 Nbd7 6. Nf3 Be7 7. Rc1 O-O 8. Bd3
a6 9. a4 dxc4 10. Bxc4 b5 11. Bd3 b4 12. Ne4 Bb7 13. Nxf6+ Nxf6 14. O-O Rc8 15.
Bxf6 Bxf6 16. Qc2 h6 17. Qc5 a5 18. Nd2 Be7 19. Qa7 Qc7 20. Ba6 Bxa6 21. Qxa6
e5 22. dxe5 c5 23. Nc4 Ra8 24. Qb6 Qd7 25. Qb5 Qe6 26. Rfd1 Rfd8 27. Rxd8+ Rxd8
28. Qxa5 Rd3 29. Qa8+ Bd8 30. Qe4 Qd7 31. h3 Rd1+ 32. Rxd1 Qxd1+ 33. Kh2 Qxa4
34. Qd5 Be7 35. Nd6 Qd7 36. Qxf7+ Kh8 37. Nf5 1-0

[Event "9. LGA Premium Cup 2012"]
[Site "Nürnberg"]
[Date "2012.09.07"]
[Round "2.58"]
[White "Miller, Eduard"]
[Black "Süß, Stefan"]
[Result "1-0"]
[WhiteElo "2147"]
[BlackElo "1971"]
[PlyCount "61"]
[EventDate "2012.??.??"]
[WhiteTeam "SC Forchheim e.V."]
[BlackTeam "SC Noris-Tarrasch Nürnberg 1873"]

1. d4 d5 2. c4 e6 3. Nc3 Be7 4. Nf3 Nf6 5. cxd5 exd5 6. Bg5 O-O 7. e3 c6 8. Qc2
Nbd7 9. Bd3 Re8 10. O-O-O h6 11. Bxf6 Nxf6 12. h3 Bb4 13. Ne5 c5 14. Kb1 c4 15.
Bf5 Bxc3 16. bxc3 Qa5 17. Rc1 b5 18. g4 b4 19. cxb4 Qxb4+ 20. Ka1 Bxf5 21. gxf5
Rec8 22. Rb1 Qd6 23. Rb7 Rc7 24. Rhb1 Rac8 25. f3 Nd7 26. Qc3 Nb6 27. Rxc7 Qxc7
28. f6 Na4 29. Qc2 c3 30. Rg1 g5 31. Qf5 1-0

[Event "9. LGA Premium Cup 2012"]
[Site "Nürnberg"]
[Date "2012.09.07"]
[Round "2.61"]
[White "Lais, Thomas"]
[Black "Kotz, Reinhard"]
[Result "0-1"]
[WhiteElo "1956"]
[BlackElo "2153"]
[PlyCount "46"]
[EventDate "2012.??.??"]
[WhiteTeam "SW Nürnberg Süd e.V."]
[BlackTeam "SV Puschendorf 1949 e.V."]

1. e4 Nf6 2. e5 Nd5 3. d4 d6 4. Nf3 dxe5 5. Nxe5 c6 6. Bc4 Nd7 7. Nxd7 Bxd7 8.
O-O g6 9. c3 Bg7 10. Qe2 O-O 11. Nd2 Re8 12. f4 Qc7 13. Ne4 e6 14. Qf2 Rac8 15.
Bb3 Nf6 16. Nc5 b6 17. Nd3 Red8 18. Ne5 Be8 19. Qf3 Nd5 20. Nd3 a5 21. Bd2 c5
22. dxc5 bxc5 23. Bxd5 Rxd5 0-1

[Event "9. LGA Premium Cup 2012"]
[Site "Nürnberg"]
[Date "2012.09.07"]
[Round "2.62"]
[White "Stein, Marco"]
[Black "Ortpaul, Mario"]
[Result "1/2-1/2"]
[WhiteElo "2149"]
[BlackElo "1947"]
[PlyCount "124"]
[EventDate "2012.??.??"]
[WhiteTeam "SK Marktoberdorf"]
[BlackTeam "Schachklub Werther 1949 e.V."]

1. d4 Nf6 2. c4 e5 3. dxe5 Ng4 4. Bf4 Nc6 5. Nf3 Bb4+ 6. Nbd2 Qe7 7. e3 Ngxe5
8. Nxe5 Nxe5 9. Be2 d6 10. O-O a5 11. Nb3 a4 12. a3 Bc5 13. Nxc5 dxc5 14. Qd5
Nc6 15. Rad1 Be6 16. Qe4 Na5 17. Qc2 b5 18. Qe4 Rb8 19. cxb5 Bb3 20. Qxe7+ Kxe7
21. Rc1 c4 22. Bxc7 Rxb5 23. Bxa5 Rxa5 24. Bxc4 Rb8 25. g3 Bxc4 26. Rxc4 Rxb2
27. Ra1 Rf5 28. Rf1 Ra5 29. Rfc1 Rb3 30. R1c3 Rab5 31. Re4+ Kd6 32. Rcc4 Rxa3
33. Rxa4 Rxa4 34. Rxa4 h5 35. h4 g6 36. Kg2 Ke6 37. Kf3 Rf5+ 38. Ke2 Rb5 39.
Rd4 Rb2+ 40. Rd2 Rb4 41. Kd3 Kf5 42. Rc2 Rb3+ 43. Ke2 Ke5 44. Rc7 Ke6 45. Kf3
Kf6 46. Kf4 Rb5 47. e4 Ke6 48. Rc6+ Ke7 49. Rc3 Ke6 50. Ke3 Rb1 51. Rc6+ Ke7
52. f4 Rb3+ 53. Kd4 Rxg3 54. Ke5 Rg4 55. Rc7+ Kf8 56. f5 gxf5 57. Kf6 Rxe4 58.
Rc8+ Re8 59. Rxe8+ Kxe8 60. Kxf5 Ke7 61. Kg5 Ke6 62. Kxh5 f5 1/2-1/2

[Event "9. LGA Premium Cup 2012"]
[Site "Nürnberg"]
[Date "2012.09.07"]
[Round "2.63"]
[White "Renner, Gabriele"]
[Black "Mihok, Laszlo"]
[Result "0-1"]
[WhiteElo "1946"]
[BlackElo "2141"]
[PlyCount "96"]
[EventDate "2012.??.??"]
[WhiteTeam "FC Bayern München e.V."]
[BlackTeam "SK Tempelhof 1931 e.V."]

1. e4 e5 2. Nf3 Nc6 3. Nc3 Nf6 4. Bc4 Bc5 5. d3 h6 6. h3 a6 7. a4 d6 8. Bd2 O-O
9. O-O Be6 10. Re1 Qd7 11. Nd5 Bxd5 12. Bxd5 Nxd5 13. exd5 Ne7 14. c4 f5 15. b4
Ba7 16. Qe2 b5 17. axb5 axb5 18. Bc3 Ng6 19. Qd2 Qf7 20. Ra5 Bb6 21. Rxb5 Ra6
22. Ra1 Rfa8 23. Rxa6 Rxa6 24. d4 e4 25. Ne1 c6 26. dxc6 Qxc4 27. Rxb6 Rxb6 28.
d5 Ne7 29. Qb2 Nxd5 30. Bxg7 Qxb4 31. Qa1 Rxc6 32. Bxh6 Qb7 33. Kh2 Nc3 34. Qa5
Qd7 35. Qb4 Kh7 36. Be3 Nd5 37. Qd2 Nxe3 38. Qxe3 d5 39. g3 d4 40. Qg5 d3 41.
Ng2 Rg6 42. Qh5+ Rh6 43. Qd1 d2 44. Nf4 Qd4 45. Kg2 Kg7 46. Ne2 Qd3 47. Qa1+
Rf6 48. Qa7+ Kh6 0-1

[Event "9. LGA Premium Cup 2012"]
[Site "Nürnberg"]
[Date "2012.09.07"]
[Round "2.64"]
[White "Lodes, Hermann"]
[Black "Schlötterer, Hermann"]
[Result "1/2-1/2"]
[WhiteElo "2132"]
[BlackElo "1933"]
[PlyCount "78"]
[EventDate "2012.??.??"]
[WhiteTeam "SF Burgsinn"]
[BlackTeam "Spvg Zabo-Eintracht Nürnberg e.V"]

1. d4 Nf6 2. c4 c5 3. d5 b5 4. cxb5 a6 5. bxa6 Bxa6 6. b3 g6 7. Bb2 Bg7 8. g3
O-O 9. Bg2 d6 10. Nh3 Nbd7 11. O-O Qa5 12. Nf4 Rfb8 13. Bc3 Qb6 14. Nd2 g5 15.
Nd3 Bxd3 16. exd3 Qb7 17. Qf3 Ra7 18. Qf5 h6 19. f4 g4 20. Rfe1 Kf8 21. Nc4
Rba8 22. Re2 Ra6 23. Rb2 Qc8 24. h3 h5 25. hxg4 hxg4 26. Qg5 R8a7 27. Ne3 c4
28. Nf5 cxb3 29. Qxg7+ Ke8 30. Qh8+ Nf8 31. Ng7+ Kd7 32. Bxf6 exf6 33. Rxb3
Rxa2 34. Rxa2 Rxa2 35. Qh5 Rxg2+ 36. Kxg2 Qc2+ 37. Kf1 Qd1+ 38. Kf2 Qd2+ 39.
Kf1 Qd1+ 1/2-1/2

[Event "9. LGA Premium Cup 2012"]
[Site "Nürnberg"]
[Date "2012.09.07"]
[Round "2.66"]
[White "Shiomi, Ryo"]
[Black "Hirschmann, Jakob"]
[Result "1-0"]
[WhiteElo "2122"]
[BlackElo "1897"]
[PlyCount "87"]
[EventDate "2012.??.??"]
[WhiteTeam "SV Empor Erfurt"]
[BlackTeam "SG Reil-Kinheim"]

1. e4 e6 2. d4 d5 3. Nd2 Nf6 4. Bd3 c5 5. c3 Nc6 6. Ngf3 Be7 7. O-O cxd4 8.
cxd4 dxe4 9. Nxe4 O-O 10. Nc3 b6 11. a3 Bb7 12. Bb1 Qd7 13. Qd3 Rfd8 14. Rd1
Rac8 15. Bg5 g6 16. Ba2 Nb8 17. Ne5 Qe8 18. Qh3 Nd5 19. Ne4 Nd7 20. Ng4 h5 21.
Nh6+ Kg7 22. Bd2 Rc2 23. Qd3 Rdc8 24. Rab1 N7f6 25. Ng3 Bd6 26. Ne2 Qc6 27. f3
Qc7 28. g3 e5 29. Bb3 exd4 30. Nxd4 Rc5 31. Rbc1 Qd7 32. Ba4 Qh3 33. Nhf5+ gxf5
34. Nxf5+ Kf8 35. Nxd6 R8c7 36. Nxb7 Rxb7 37. Rxc5 bxc5 38. Bc6 Rb6 39. Bxd5
Rd6 40. Bh6+ Ke7 41. Qe2+ Kd7 42. Qb5+ Kd8 43. Qb8+ Kd7 44. Bc6+ 1-0

[Event "9. LGA Premium Cup 2012"]
[Site "Nürnberg"]
[Date "2012.09.07"]
[Round "2.67"]
[White "Karasek, Christian"]
[Black "Schäfer, Annabelle"]
[Result "1/2-1/2"]
[WhiteElo "2108"]
[BlackElo "1904"]
[PlyCount "41"]
[EventDate "2012.??.??"]
[WhiteTeam "SC Noris-Tarrasch Nürnberg 1873"]
[BlackTeam "Sfr.1891 Friedberg"]

1. e4 e5 2. Nf3 Nf6 3. Nxe5 d6 4. Nf3 Nxe4 5. Nc3 Nxc3 6. dxc3 Be7 7. Qd4 Bf6
8. Qf4 Nc6 9. Be3 Be6 10. Bd3 Ne5 11. Nxe5 Bxe5 12. Qe4 c6 13. Bd4 Qf6 14. Bxe5
Qxe5 15. Qxe5 dxe5 16. O-O f6 17. Rfe1 Kf7 18. a4 g6 19. c4 Rhd8 20. Re3 Rd4
21. b3 1/2-1/2

[Event "9. LGA Premium Cup 2012"]
[Site "Nürnberg"]
[Date "2012.09.07"]
[Round "2.68"]
[White "Rausch, Wolfgang sr"]
[Black "Willim, Michael"]
[Result "1/2-1/2"]
[WhiteElo "1875"]
[BlackElo "2107"]
[PlyCount "54"]
[EventDate "2012.??.??"]
[WhiteTeam "SC Noris-Tarrasch Nürnberg 1873"]
[BlackTeam "SC Erlangen 48/88 e.V."]

1. c4 c5 2. Nc3 Nc6 3. Nf3 g6 4. d4 cxd4 5. Nxd4 Bg7 6. Nb3 d6 7. e4 Nf6 8. Be2
O-O 9. O-O Bd7 10. Be3 Rc8 11. c5 Ne8 12. Rc1 Be6 13. cxd6 Nxd6 14. Nd4 Bc4 15.
b3 Bxe2 16. Ndxe2 Qa5 17. Nd5 Rcd8 18. Qc2 e6 19. Ndc3 Nb4 20. Qb1 Nb5 21. Nxb5
Qxb5 22. Rc4 h5 23. Bc5 Nc6 24. Bxf8 Rxf8 25. Rd1 h4 26. h3 Qh5 27. Qc2 g5
1/2-1/2

[Event "9. LGA Premium Cup 2012"]
[Site "Nürnberg"]
[Date "2012.09.07"]
[Round "2.69"]
[White "Wolter, Jens"]
[Black "Thürauf, Peter"]
[Result "1-0"]
[WhiteElo "2102"]
[BlackElo "1876"]
[PlyCount "111"]
[EventDate "2012.??.??"]
[WhiteTeam "SC Garching 1980 e.V."]
[BlackTeam "SW Nürnberg Süd e.V."]

1. e4 c5 2. Nf3 e6 3. b3 d6 4. Bb2 Nf6 5. Bb5+ Bd7 6. Bxd7+ Nbxd7 7. Qe2 Qc7 8.
O-O Be7 9. c4 Ne5 10. d4 Nxf3+ 11. Qxf3 O-O 12. dxc5 Qxc5 13. Nc3 Nd7 14. Rad1
Ne5 15. Qe2 f5 16. Na4 Qc7 17. exf5 exf5 18. f4 Ng6 19. g3 Rad8 20. Bd4 b6 21.
Nc3 Bf6 22. Bxf6 Rxf6 23. Rfe1 Nf8 24. Nd5 Qc5+ 25. Qf2 Qxf2+ 26. Kxf2 Rh6 27.
Kg2 Rd7 28. Ne7+ Kf7 29. Nxf5 Rf6 30. Ne3 Re6 31. Nd5 Rxe1 32. Rxe1 Ne6 33. Rd1
Nc5 34. Kf3 Rb7 35. Nc3 Ke7 36. b4 Na6 37. a3 Rd7 38. Nd5+ Ke6 39. Re1+ Kf7 40.
Re4 Nb8 41. Ke3 Nc6 42. Kd3 Rb7 43. b5 Nd8 44. f5 Rd7 45. Kd4 Nb7 46. g4 Nc5
47. Re3 Rb7 48. Nb4 Nd7 49. Re6 Ne5 50. h3 Rd7 51. Nc6 Nf3+ 52. Kd5 Nd2 53. Re2
Nb1 54. Re3 Nd2 55. Rd3 Nf1 56. Ke4 1-0